000 00321nam a22001337a 4500
020 _a9781406290615
040 _cNUST
082 _a823.54 STA
100 _aStaniford, Linda
_9110204
245 _aWants Versus Needs Possessions
260 _aLondon:
_bRaintree,
_c2015.
650 _aEnglish Fiction
942 _2ddc
_cBK
999 _c593659
_d593659